<?xml version="1.0" encoding="UTF-8"?>
<record
    xmlns:xsi="http://www.w3.org/2001/XMLSchema-instance"
    xsi:schemaLocation="http://www.loc.gov/MARC21/slim http://www.loc.gov/standards/marcxml/schema/MARC21slim.xsd"
    xmlns="http://www.loc.gov/MARC21/slim">

  <leader>00519nam a22001457a 4500</leader>
  <controlfield tag="005">20250812131018.0</controlfield>
  <controlfield tag="008">250812b        |||||||| |||| 00| 0 eng d</controlfield>
  <datafield tag="050" ind1=" " ind2=" ">
    <subfield code="a">THE:HF 5549.5.L46 2012</subfield>
  </datafield>
  <datafield tag="100" ind1=" " ind2=" ">
    <subfield code="a">LEMUSA NAISIAI MILLICENT</subfield>
  </datafield>
  <datafield tag="245" ind1=" " ind2=" ">
    <subfield code="a">AN EVALUATION OF TRAINING METHODS AND THEIR EFFECTIVENESS ON EMPLOYEE WORK PERFORMANCE IN COORPORATE ORGANIZATION IN KEYA</subfield>
    <subfield code="b">A CASE STUDY OF GUSII MWALIMU SACCO</subfield>
  </datafield>
  <datafield tag="260" ind1=" " ind2=" ">
    <subfield code="a">KENYA</subfield>
    <subfield code="b">KISII UNIVERSITY</subfield>
    <subfield code="c">2012</subfield>
  </datafield>
  <datafield tag="300" ind1=" " ind2=" ">
    <subfield code="a">X,28</subfield>
  </datafield>
  <datafield tag="500" ind1=" " ind2=" ">
    <subfield code="a">INCUDES APPENDIX</subfield>
  </datafield>
  <datafield tag="942" ind1=" " ind2=" ">
    <subfield code="2">lcc</subfield>
    <subfield code="c">REF</subfield>
  </datafield>
  <datafield tag="999" ind1=" " ind2=" ">
    <subfield code="c">216032</subfield>
    <subfield code="d">216032</subfield>
  </datafield>
  <datafield tag="952" ind1=" " ind2=" ">
    <subfield code="0">0</subfield>
    <subfield code="1">0</subfield>
    <subfield code="2">lcc</subfield>
    <subfield code="4">0</subfield>
    <subfield code="7">0</subfield>
    <subfield code="8">SC</subfield>
    <subfield code="9">372835</subfield>
    <subfield code="a">KSUL</subfield>
    <subfield code="b">KSUL</subfield>
    <subfield code="c">DISPLAY</subfield>
    <subfield code="d">2025-08-12</subfield>
    <subfield code="i">45917</subfield>
    <subfield code="l">0</subfield>
    <subfield code="o">THE:HF 5549.5 L46 2012</subfield>
    <subfield code="p">000000021724</subfield>
    <subfield code="r">2025-08-12 13:13:01</subfield>
    <subfield code="t">C.2</subfield>
    <subfield code="w">2025-08-12</subfield>
    <subfield code="y">REF</subfield>
  </datafield>
</record>
